Score 0/27 Timer 05:00
0 Plays Today
Clue eulC Word droW % Correct
Cartman or ClaptonERIC
96.7%
Paid athletesPROS
68%
Unit of breadLOAF
65.3%
lios ro htraETRID
63%
Decorate the Christmas treeTRIM
62.1%
Walked onTROD
61.9%
Flatfish or shoe bottomSOLE
58%
htam ni F na teGLIAF
57.9%
redro ni egnarrATROS
57.1%
PairsDUOS
55.2%
amard VT emityaDPAOS
55.1%
dum peeDERIM
55.1%
Vientiane's nationLAOS
54.4%
retseJLOOF
50.8%
Clue eulC Word droW % Correct
tsep nedrag ymilSGULS
50.6%
MoundPILE
48.8%
neerG lA dna neerG oL eeC rof erneGLUOS
48.1%
Schwarzkopf's WarGULF
48%
Internal organsGUTS
47.9%
kcirt enilopmart cisaBPILF
47.8%
French Chanteuse ÉdithPIAF
47.7%
MistakeGOOF
46.5%
esroh gnideerBDUTS
45.1%
yldetaeper pihWGOLF
44.8%
htoR dna yentihW, gninnaMSILE
41.4%
Doing nothingIDLE
25.2%
ecar 'enihcaM emiT ehT'IOLE
20%

Today's Daily Dose

Remove Ads.
Support Sporcle.
Get the best of Sporcle when you Go Orange. This ad-free experience offers more features, more stats, and more fun while also helping to support Sporcle. Thank you for becoming a member.

You're not logged in!

Compare scores with friends on all Sporcle quizzes.
OR
Log In

Show Comments

Extras

Top Quizzes Today


Score Distribution

Your Account Isn't Verified!

In order to create a playlist on Sporcle, you need to verify the email address you used during registration. Go to your Sporcle Settings to finish the process.

Report this User

Report this user for behavior that violates our Community Guidelines.

Details: